Prueba de Tonga - Estadísticas

Estadísticas generales
  • Esta prueba ha sido intentada 603 veces
  • La puntuación promedio es 8 de 14
Estadísticas de respuestas
Pista Respuesta % Correcto
Idiomas oficiales Inglés
98%
Subregión de Oceanía en la que se encuentra Tonga {Poli}nesia
88%
País que controlaba los asuntos exteriores de Tonga, pero que nunca tuvo el control legal de la soberanía de Tonga, 1900-1970 Reino Unido
83%
La forma de gobierno de Tonga {Monarquía} constitucional
82%
Países más cercanos Samoa
82%
Países más cercanos Fiyi
79%
El objeto que aparece en la bandera de Tonga Cruz
68%
Deporte nacional Rugby
67%
Capital de Tonga Nukualofa
62%
Idiomas oficiales Tongano
54%
El explorador neerlandés que se convirtió en el primer europeo en visitar la isla principal de Tonga en 1643 Abel Tasman
28%
Moneda de Tonga Pa’anga
20%
Isla principal de Tonga Tonga{tapu}
16%
Apodo de Tonga, como lo apodó el Capitán James Cook Las islas {amigas}
13%
No se encontraron pruebas coincidentes
Distribución de puntuación
Porcentaje de gente con cada puntuación
Porcentaje por número respondido
Historial de tus puntuaciones
No has intentado esta prueba.